| 000 | 00518nam a2200181Ia 4500 | ||
|---|---|---|---|
| 001 | 16312 | ||
| 005 | 20260306170300.0 | ||
| 008 | 260306t1998||||xx |||||||||||||| ||und|| | ||
| 041 | _aESP | ||
| 082 |
_a348.05 _bP87 |
||
| 100 |
_aMinisterio de Promoción de la Mujer y del Desarrollo Humano -Promudeh _eAUT |
||
| 245 | 0 | _aPropuestas de la modificación al proceso judicial de alimentos texto impreso | |
| 260 | _c1998 | ||
| 300 |
_a95páginas : _c |
||
| 650 | _aGEN | ||
| 654 | _aCDE | ||
| 942 |
_cLIB _dJUS _fJUS _2ddc _n |
||
| 999 |
_c16312 _d16312 |
||